Managing country risk <a> practitioner's guide to effective border risk analysis

Gespeichert in:
Bibliographische Detailangaben
1. Verfasser: Wagner, Daniel
Format: Buch
Sprache:Englisch
Veröffentlicht: Boca Raton CRC Press/Taylor & Francis Group 2012
Schlagworte:
Tags: Tag hinzufügen
Keine Tags, Fügen Sie das erste Tag hinzu!

MARC

LEADER 00000nam a2200000 4500
001 0172049
005 20250225121316.4
020 |a 978-1-466-50048-8 
041 0 |a eng 
044 |a US 
245 1 0 |a Managing country risk  |b <a> practitioner's guide to effective border risk analysis  |c Daniel Wagner 
264 1 |a Boca Raton  |b CRC Press/Taylor & Francis Group  |c 2012 
300 |a online [lxxxi, 264 p.] 
500 |a EBSCO e-books Economics Collection 2012 
610 2 0 |a investície priame zahraničné 
610 2 0 |a riziko finančné 
610 2 0 |a Arabi 
610 2 0 |a kríza finančná 
610 2 0 |a riadenie rizík 
100 1 |a Wagner, Daniel